Pays de l'Océanie - Statistiques

Statistiques générales
  • Ce quiz a été pris 463 fois
  • Le résultat moyen est 10 sur 14
Réponses sur la Carte
Les réponses sont colorées sur une échelle allant du rouge au vert en fonction du pourcentage des utilisateurs qui les ont devinées à leur premier essai. Vous pouvez retrouver ces pourcentages ci-dessous.
 
Statistiques - réponses
Réponse % Correct
Australie
99%
Nouvelle Zélande
96%
Papouasie-Nouvelle-Guinée
81%
Fidji
80%
Îles Marshall
74%
Îles Salomon
72%
Micronésie
71%
Tuvalu
69%
Vanuatu
69%
Tonga
68%
Samoa
67%
Kiribati
66%
Nauru
65%
Palaos
61%
Aucun quiz correspondant
Distribution des résultats
% des personnes avec chaque résultat
Percentile par nombre de réponses
Votre historique - résultats
Vous n’avez pas pris ce quiz